[Event "ISR-chT 2018"]
[Site "Israel"]
[Date "2018.02.09"]
[Round "5"]
[White "Moskovich, Daniel"]
[Black "Poleg, Dan"]
[Result "1/2-1/2"]
[WhiteElo "2146"]
[BlackElo "2278"]
[Annotator "NA"]
[PlyCount "55"]
[EventDate "2018.??.??"]
[EventType "team-tourn"]
[EventCountry "ISR"]
[SourceTitle "playchess.com"]
[Source "ChessBase"]
[SourceQuality "1"]
[TimeControl "40/5400+30:1800+30"]

1. d4 Nf6 2. Nf3 e6 3. e3 d5 4. Bd3 c5 5. c3 Nc6 6. Nbd2 Bd6 7. O-O O-O 8. dxc5 Bxc5 9. b4 Bd6 10. Bb2 Qe7 11. b5 Ne5 12. Nxe5 Bxe5 13. f4 Bc7 14. c4 e5 15. cxd5 exf4 16. Nc4 Ng4 17. exf4 Rd8 18. Qc2 Rxd5 19. Bxh7+ Kh8 20. Rae1 Qc5+ 21. Kh1 Bf5 22. Bxf5 Rxf5 23. h3 Rh5 24. Qe2 Rh4 25. Qe7 Nf2+ 26. Rxf2 Qxf2 27. Bxg7+ Kxg7 28. Qg5+ 1/2-1/2

[Event "ISR-chT 2018"]
[Site "Israel"]
[Date "2018.02.09"]
[Round "5"]
[White "Ofir, Eran"]
[Black "Gershon, Alik"]
[Result "1/2-1/2"]
[WhiteElo "2104"]
[BlackElo "2454"]
[Annotator "TA"]
[PlyCount "84"]
[EventDate "2018.??.??"]
[EventType "team-tourn"]
[EventCountry "ISR"]
[SourceTitle "playchess.com"]
[Source "ChessBase"]
[SourceQuality "1"]

{[%evp 14,84,31,-22,-23,-20,8,0,0,-28,22,-11,0,0,0,-12,7,0,13,-4,8,-5,-16,-33,-21,-77,-33,-43,0,-58,-64,-56,-75,-62,-83,-72,-48,-43,-23,-46,-49,-48,-17,-20,-19,-36,-27,-172,-20,-19,-18,-134,-134,-195,-173,-232,-181,-163,-116,-115,-122,-121,0,0,0,0,0,0,0,0,0,0,0]} 1. Nf3 c5 2. g3 b6 3. Bg2 Bb7 4. O-O Nf6 5. d3 g6 6. Nbd2 {A05: Réti Opening: 1 Nf3 Nf6} (6. e4 Bg7 7. a4 O-O 8. Re1 Nc6 9. Nbd2 d6 10. Nc4 a6 11. e5 Nxe5 12. Nfxe5 Bxg2 13. Kxg2 dxe5 14. Nxe5 e6 {1-0 (22) Carlsen,M (2832)-So,W (2815) chess.com INT 2017}) 6... Bg7 7. c3 d5 8. Qc2 {LiveBook: 3 Games} (8. e4 $14) 8... Nc6 $11 9. Re1 e5 10. e4 O-O 11. exd5 $146 ({Predecessor:} 11. Nf1 d4 12. h3 Nd7 13. cxd4 cxd4 14. a3 {0-1 (22) Tomann,D (2068)-Moehring,G (2302) Berlin 2004}) 11... Qxd5 (11... Nxd5 {feels hotter.} 12. h4 Qc7 13. h5 Rad8 14. hxg6 hxg6 15. Nc4 Bc8) 12. Ne4 Nxe4 13. dxe4 Qe6 14. Bf1 Ne7 15. b3 h6 16. a4 Kh8 17. Nh4 g5 18. Ng2 f5 19. f3 (19. exf5 $11 {keeps the balance.} Nxf5 20. a5) 19... Qf6 {Threatens to win with ...fxe4.} 20. Bb2 g4 21. f4 (21. fxg4 $1 $11 Bxe4 22. Qf2) 21... Bxe4 $15 22. fxe5 $1 Qxe5 23. Bd3 Bxd3 24. Qxd3 Qd5 $36 {[%mdl 2048] Black is pushing.} 25. Qc2 {[#] aiming for Nf4.} Ng6 {With the idea ...Ne5.} 26. Rad1 Qf7 27. c4 Rae8 28. Bxg7+ Kxg7 29. Qc3+ Kh7 30. Nf4 (30. Rxe8 $11 {and White has nothing to worry.} Rxe8 31. Rd6) 30... Re4 $2 (30... Nxf4 $19 31. gxf4 Rxe1+ 32. Qxe1 Re8) 31. Nxg6 $1 $11 Kxg6 32. Rxe4 (32. Rd6+ $11 Kh5 33. h3) 32... fxe4 {[%cal Bf5e4,Be4e3][%mdl 4128] Endgame KQR-KQR} 33. Qe3 (33. Rd6+ $17 Kh7 34. Qe1) 33... Qe6 $19 34. Rd5 (34. Re1 $142) 34... Rf3 35. Qd2 e3 ({Not} 35... Rxb3 $2 36. Rd6 $18) 36. Qd3+ {[#]} Kg7 $1 {( -> ...e2)} 37. Rd6 Qf7 (37... e2 $17 38. Rxe6 Rxd3) 38. Rd7 $11 {The position is equal.} Rf1+ $1 39. Kg2 Rf2+ 40. Kg1 Rf1+ $1 41. Kg2 Rf2+ 42. Kg1 Rf1+ $1 {Precision: White = 37%, Black = 39%.} 1/2-1/2

[Event "ISR-chT 2018"]
[Site "Israel"]
[Date "2018.02.16"]
[Round "7"]
[White "Kuzubov, Yuriy"]
[Black "Reshef, Omer"]
[Result "1/2-1/2"]
[WhiteElo "2695"]
[BlackElo "2472"]
[Annotator "TA"]
[PlyCount "141"]
[EventDate "2018.??.??"]
[EventType "team-tourn"]
[EventCountry "ISR"]
[SourceTitle "playchess.com"]
[Source "ChessBase"]
[SourceQuality "1"]

{[%evp 19,141,0,0,0,0,0,0,0,9,6,5,0,0,0,37,43,37,23,27,27,20,20,27,27,30,20,20,27,31,48,46,27,65,72,71,70,52,66,66,64,71,65,106,120,148,154,156,165,147,150,202,164,167,138,196,204,191,158,276,247,727,723,701,709,693,678,529,265,243,237,229,224,234,236,1197,1202,949,778,782,351,337,318,374,335,333,329,377,372,383,323,392,400,372,367,358,351,424,420,395,395,495,490,713,583,706,556,29979,514,474,397,379,377,5114,5125,29977,29978,29978,29979,29978,29979,29979,29980,29977,29974]} 1. e4 e5 2. Nf3 Nf6 3. Nxe5 d6 4. Nf3 Nxe4 5. c4 Nc6 6. Nc3 Nxc3 7. dxc3 Bf5 {C42: Petroff Defence: 3 Nxe5 and unusual White 3rd moves} (7... g6 8. Bg5 Be7 9. Bh6 Bf8 10. Bg5 Be7 11. Bh6 Bf8 12. Bg5 {½-½ (12) Jones,G (2640)-Mamedyarov,S (2804) Wijk aan Zee 2018}) 8. Bd3 Qd7 9. O-O Be7 10. Bxf5 Qxf5 {LiveBook: 5 Games} 11. Re1 O-O 12. Qd5 Qd7 $146 ({Find the theoretical novelty and annotate with similar games:} 12... Qc2 13. Kf1 Bf6 14. Re2 Qa4 15. Nd2 {½-½ (22) Delchev,A (2595)-Nikolov,M (2557) Montana 2017}) 13. Bf4 Rad8 14. Rad1 b6 15. Be3 Rfe8 16. c5 Bf6 17. cxd6 Qxd6 18. Qb3 Qe6 19. Bf4 Rxd1 20. Qxd1 Rd8 21. Qa4 Qd7 22. h3 h6 23. Qc4 a5 24. Re2 Rc8 25. Nh2 {[%cal Bf3h2,Bh2g4,Bg4e5][%mdl 32]} (25. Rd2 $5 {[%cal Rd2d7]} Qe8 26. Qa6 $14) 25... Nd8 26. Ng4 Bg5 27. Bxg5 hxg5 28. Qd4 Qc6 29. Ne5 Qe6 {Threatening ...f6.} 30. Qd3 Nc6 31. Nf3 $36 {[%mdl 2048] White is really pushing.} Qf6 32. Qd7 Rd8 33. Qxc7 Rd1+ 34. Kh2 Nd8 (34... Qf4+ $16 {is a better defense.} 35. Qxf4 gxf4 36. Re8+ Kh7) 35. Nd4 {Strongly threatening Re8+.} Kh7 36. Qg3 Ne6 (36... Qf4 $16 37. Qxf4 gxf4) 37. Nxe6 $18 fxe6 {[%mdl 4096] Endgame KQR-KQR} 38. Re5 Rd2 (38... Rd5 $16 {might work better.} 39. Re2 b5) 39. Rxg5 Rxb2 $2 (39... Kg8 40. Qb8+ Rd8) 40. Rh5+ Kg8 41. Qb8+ Kf7 42. Rh8 {[%csl Gh8][%cal Rb8e8]} Qe7 43. Rc8 Kg6 44. Re8 Qd7 45. Qg3+ Kf7 46. Rb8 Qc6 $2 (46... Rb5 47. a4 Rc5 48. Rxb6 Qc7 49. Qxc7+ Rxc7) 47. Qf4+ Kg6 48. c4 Rd2 49. Rxb6 ({Weaker is} 49. Qxd2 Qc7+ 50. g3 Qxb8 $16) (49. g3 $142) 49... Qxb6 50. Qxd2 {KQ-KQ} Qc5 51. Qd3+ Kf6 52. Kg1 Ke7 53. g3 a4 54. h4 Qb4 55. Qc2 Kd6 56. c5+ Kc6 57. Kg2 a3 58. Kf3 Qb2 59. Qc4 e5 60. h5 e4+ (60... Qa1 $142 61. Qa4+ Kxc5 62. Qxa3+ Kc6 63. Qa6+ Kc7 64. Qa7+ Kd6) 61. Ke3 Kc7 62. g4 Qb1 63. Kf4 (63. Qf7+ $142 Kc6 64. Qe6+ Kc7 {[#]} 65. Qb6+ $1 {[%mdl 512]} Qxb6 66. cxb6+ Kxb6 67. g5 Kc7 68. Kxe4) 63... Qb2 64. Kg3 Qe5+ 65. Kg2 Qf4 $2 (65... Qb2 66. Kf1 Qa1+ 67. Kg2 Qb2) 66. Qb3 Kd7 67. Qd5+ {White mates.} Kc7 {[#]} 68. Qd6+ $1 Qxd6 69. cxd6+ Kxd6 70. Kg3 Ke5 71. g5 {[%mdl 32768] Precision: White = 71%, Black = 38%. . An unexpected result.} 1/2-1/2

[Event "ISR-chT 2018"]
[Site "Israel"]
[Date "2018.02.16"]
[Round "7"]
[White "Rodshtein, Maxim"]
[Black "Gokhvat, Peter"]
[Result "1-0"]
[WhiteElo "2689"]
[BlackElo "2242"]
[Annotator "TA"]
[PlyCount "38"]
[EventDate "2018.??.??"]
[EventType "team-tourn"]
[EventCountry "ISR"]
[SourceTitle "playchess.com"]
[Source "ChessBase"]
[SourceQuality "1"]

{[%evp 9,38,81,97,73,85,59,57,32,29,28,38,17,102,102,88,88,88,88,108,107,106,107,106,97,106,97,104,110,111,100,91]} 1. d4 Nf6 2. c4 c5 3. d5 e5 4. Nc3 d6 5. e4 Nbd7 {LiveBook: 409 Partien} 6. h4 {A56: Altindisch (siehe auch A43, 44)} (6. Bd3 Be7 7. Be3 O-O 8. g4 g6 9. h3 Ne8 10. Nf3 Ndf6 11. Qc2 Bd7 12. a3 Kh8 13. b4 b6 14. bxc5 bxc5 {1-0 (45) Le,Q (2739)-Aronian,L (2799) Saint Louis 2017}) 6... Be7 7. h5 $146 ({Vorgänger:} 7. g3 a6 8. a4 Rb8 9. Nf3 O-O 10. Qc2 b6 11. h5 h6 12. Bd3 Nh7 13. Qe2 Kh8 {0-1 (41) Manor,I (2510)-Zilberman,Y (2485) Israel 1996}) 7... h6 8. g3 {Weiß steht etwas besser.} Nh7 9. Nf3 a6 10. Be2 Bg5 (10... O-O $11) 11. Nxg5 $16 {Weiß steht besser.} Nxg5 12. Be3 Nf6 13. f3 Bd7 14. Qd2 Ngh7 15. Rb1 Qe7 16. b4 {[#] Droht bxc5 und aus.} b6 17. Kf2 O-O 18. Kg2 Rfc8 19. Nd1 Ne8 {Precision: Weiß = 54%, Schwarz = 53%.} 1-0

[Event "ISR-chT 2018"]
[Site "Israel"]
[Date "2018.02.16"]
[Round "7"]
[White "Sutovsky, Emil"]
[Black "Sivuk, Vitaly"]
[Result "1/2-1/2"]
[WhiteElo "2658"]
[BlackElo "2524"]
[Annotator "TA"]
[PlyCount "86"]
[EventDate "2018.??.??"]
[EventType "team-tourn"]
[EventCountry "ISR"]
[SourceTitle "playchess.com"]
[Source "ChessBase"]
[SourceQuality "1"]

{[%evp 13,86,13,7,11,15,3,0,1,9,-17,3,-46,0,0,5,-23,-10,-9,-18,-16,-20,-12,0,-17,-15,-8,-17,-18,-18,-20,-20,-27,0,0,0,0,0,-9,0,0,0,0,0,0,0,0,0,0,0,0,0,0,0,0,0,0,0,0,0,0,0,0,0,0,0,0,0,0,0,0,0,0,0,0,0]} 1. e4 e5 2. Nf3 Nf6 3. Nxe5 d6 4. Nf3 Nxe4 5. Nc3 Nxc3 6. dxc3 Be7 7. Be3 O-O 8. Bd3 {C42: Petroff Defence: 3 Nxe5 and unusual White 3rd moves} Nd7 9. Qe2 Re8 10. O-O-O c6 $146 ({Predecessor:} 10... Bf6 11. h4 Nf8 12. Ng5 d5 13. Qh5 g6 14. Qf3 h5 15. Qg3 Bg4 {½-½ (66) Anand,V (2783)-So,W (2810) Leon 2017}) 11. g4 d5 12. c4 Bc5 (12... Qc7 $15) 13. cxd5 $11 cxd5 14. g5 Bxe3+ 15. fxe3 Ne5 16. Nxe5 Rxe5 17. h4 Qe7 18. Rhe1 Bd7 19. c3 Re8 20. Bc2 Bc6 {[%cal Re5e3]} 21. Bb3 g6 22. Rd4 Rxe3 (22... h6 {seems wilder.} 23. gxh6 Rxe3 24. Qxe3 Qxe3+ 25. Rxe3 Rxe3 26. Bxd5 Bxd5 27. Rxd5 Re7) 23. Qxe3 {The position is equal.} Qxe3+ 24. Rxe3 Rxe3 25. Bxd5 Bxd5 26. Rxd5 {[%mdl 4096] Endgame KR-KR} Re7 27. Kd2 Kg7 28. c4 Re4 29. Kd3 Rxh4 30. Rd7 Rg4 31. Rxb7 Rxg5 32. b4 h5 33. c5 h4 34. c6 {[#] Strongly threatening c7.} Rg3+ (34... h3 $5 35. c7 $8 Rg3+ 36. Kd4 h2 $11) 35. Kd4 {aiming for c7.} h3 36. c7 h2 37. c8=Q h1=Q {[#]} 38. Rxf7+ $1 {[%mdl 512]} Kxf7 39. Qc7+ Ke6 {[%csl Ge6][%cal Rh1d5]} 40. Qe5+ Kd7 {( -> ...Qd1+)} 41. Qg7+ Ke6 {[%csl Ge6][%cal Rh1d5]} 42. Qe5+ Kf7 43. Qc7+ Ke6 {Precision: White = 50%, Black = 74%.} 1/2-1/2

[Event "ISR-chT 2018"]
[Site "Israel"]
[Date "2018.02.16"]
[Round "7"]
[White "Zubov, Alexander"]
[Black "Alterman, Boris"]
[Result "1/2-1/2"]
[WhiteElo "2612"]
[BlackElo "2600"]
[Annotator "TA"]
[PlyCount "57"]
[EventDate "2018.??.??"]
[EventType "team-tourn"]
[EventCountry "ISR"]
[SourceTitle "playchess.com"]
[Source "ChessBase"]
[SourceQuality "1"]

{[%evp 15,57,20,14,0,27,29,28,23,37,10,12,10,12,0,6,5,-1,-15,29,33,29,29,34,18,16,10,20,20,26,0,0,0,4,0,0,-11,5,-6,-10,-6,0,0,25,33]} 1. d4 Nf6 2. c4 e6 3. Nf3 b6 4. Bf4 Bb7 5. e3 Nh5 6. Bg5 {E12: Damenindisch (Petrosjan-System und 4. oder 5.Lg5)} Be7 7. Bxe7 Qxe7 8. Nc3 Nf6 {LiveBook: 4 Partien} 9. d5 $146 ({Vorgänger:} 9. Be2 O-O 10. O-O c5 11. d5 exd5 12. cxd5 {½-½ (45) Parligras,M (2603)-Banikas,H (2567) Achaea 2017}) 9... d6 10. Be2 O-O 11. O-O Nbd7 {[%cal Bb8d7,Bd7c5,Bc5e4][%mdl 32]} 12. Re1 Nc5 13. Rc1 a5 14. Bf1 Nfe4 15. Nxe4 Nxe4 16. Nd4 {[%cal Bf3d4,Bd4b5,Bb5c3][%mdl 32]} Rae8 ({Doch nicht} 16... exd5 17. cxd5 f5 18. Ne6 $14) 17. a3 e5 18. Nb5 f5 19. f3 Nf6 20. b4 axb4 21. axb4 Ra8 22. Qd2 Ba6 23. Nc3 Bc8 24. Ra1 Bd7 25. Qb2 Rfc8 26. Rxa8 Rxa8 27. Ra1 Qd8 28. Ra3 c6 29. dxc6 {Precision: Weiß = 67%, Schwarz = 60%.} 1/2-1/2

[Event "ISR-chT 2018"]
[Site "Israel"]
[Date "2018.02.16"]
[Round "7"]
[White "Postny, Evgeny"]
[Black "Lukin, Elisha"]
[Result "0-1"]
[WhiteElo "2591"]
[BlackElo "2079"]
[Annotator "TA"]
[PlyCount "52"]
[EventDate "2018.??.??"]
[EventType "team-tourn"]
[EventCountry "ISR"]
[SourceTitle "playchess.com"]
[Source "ChessBase"]
[SourceQuality "1"]

{[%evp 14,52,75,78,77,91,120,117,114,118,102,95,105,100,91,86,93,40,37,0,0,0,49,10,8,-37,-16,-77,-10,-212,-215,-350,-321,-455,-321,-562,-560,-955,-960,-972,-969]} 1. d4 d5 2. c4 c6 3. Nf3 Nf6 4. Nc3 Bf5 5. cxd5 cxd5 6. Qb3 Qb6 7. Nxd5 Qxb3 8. Nxf6+ exf6 {D13: Slav Defence: Exchange variation without ...Bf5} 9. axb3 Be6 (9... Nc6 10. e3 Bd6 11. Bc4 O-O 12. Bd2 a6 13. O-O Rac8 14. Rfc1 Nb4 15. Ne1 Rfd8 16. f3 {1-0 (43) Piccoli,F (2678)-Lamarche Rodriguez,L (2374) ICCF email 2008}) 10. e4 Bxb3 {White is better.} 11. Bb5+ Nd7 12. Bf4 a6 $146 ({Predecessor:} 12... g5 13. Nd2 Bb4 14. O-O Bc2 15. Rfc1 gxf4 16. Rxc2 Bxd2 17. Rxd2 {1-0 (38) Collazo,F-Castro,F IECC email 1997}) 13. Nd2 Bc2 14. Ke2 Rc8 15. Bc4 (15. Bd3 $16) 15... Bxe4 $14 16. Nxe4 (16. f3 $5 {[%cal Rf3e4]} Bf5 17. Bd5 $14) 16... Rxc4 17. Rhc1 Rxd4 18. Ke3 (18. Nd6+ $5 Bxd6 19. Rc8+ Ke7 20. Bxd6+ Rxd6 21. Rxh8 $11) 18... Rd5 19. Rc8+ Ke7 {White should prevent ...g5.} 20. Re1 (20. h4 $11 {remains equal.}) 20... g5 ({Black should play} 20... Ne5 $17) 21. Bg3 $2 {[#]} (21. Bc7 $11 {and White has nothing to worry.}) 21... f5 $1 $19 {[%cal Bf6f5,Bf5f4][%mdl 32] ...f4+ is the strong threat.} 22. Nc3 {[#]} (22. Bd6+ $142 Rxd6 23. Nxd6 Kxd6 24. Rd1+ Ke6 25. Ke2) 22... f4+ $1 23. Kf3+ (23. Bxf4 $142 gxf4+ 24. Kxf4+ Re5 25. Rxf8 Rxf8 26. Rxe5+ Nxe5 27. Kxe5) 23... Re5 24. Nd5+ $2 (24. Rd1 {was the only chance.} g4+ 25. Kxg4 Rg8+ 26. Kf3 fxg3 27. Nd5+ Ke6 28. Nf4+ Kf6 29. Rxd7 gxf2 30. Kxf2 Bc5+ 31. Rxc5 Rxc5 32. Rxb7) 24... Ke6 {Black is clearly winning.} 25. Rd1 {and the idea Nc7+ leaves White hopeful.} Rxd5 26. Re8+ Kd6 {Precision: White = 10%, Black = 61%.} 0-1

[Event "ISR-chT 2018"]
[Site "Israel"]
[Date "2018.02.16"]
[Round "7"]
[White "Baron, Tal"]
[Black "Bykhovsky, Avigdor"]
[Result "1-0"]
[WhiteElo "2554"]
[BlackElo "2421"]
[Annotator "TA"]
[PlyCount "79"]
[EventDate "2018.??.??"]
[EventType "team-tourn"]
[EventCountry "ISR"]
[SourceTitle "playchess.com"]
[Source "ChessBase"]
[SourceQuality "1"]

{[%evp 16,79,25,10,33,29,45,44,45,10,11,11,9,11,15,12,10,12,13,0,0,0,0,0,0,0,0,0,0,0,0,0,0,0,17,13,24,24,31,31,33,29,32,28,33,24,29,15,16,29,27,20,20,0,26,16,18,19,21,0,0,-111,-111,-182,866,866]} 1. d4 d5 2. c4 e6 3. Nc3 Be7 4. cxd5 exd5 5. Bf4 c6 6. e3 Bd6 7. Bxd6 Qxd6 8. Bd3 Ne7 {D31: Damengambit (Halbslawisch)} 9. Qb1 {LiveBook: 5 Partien} b6 $146 ({Vorgänger:} 9... g6 10. b4 Bf5 11. b5 O-O 12. Bxf5 Nxf5 13. Nge2 Nd7 14. O-O Nf6 15. h3 c5 16. dxc5 Qxc5 {½-½ (25) Bacrot,E (2716)-Fressinet,L (2718) Germany 2011}) 10. b4 Ba6 {Weiß hat minimalen Vorteil.} 11. b5 cxb5 12. Bxb5+ Bxb5 13. Nxb5 Qd7 14. Nf3 {Droht Se5 und aus.} f6 15. O-O Nbc6 16. a4 O-O 17. Ra2 Rfc8 18. Rc2 Na5 19. Nc3 Rc6 20. Rfc1 Rac8 21. Qa2 Kf8 22. h3 R8c7 23. Nb5 Rxc2 24. Rxc2 Rxc2 (24... Rc6 {looks sharper.} 25. Ne1 a6 26. Nc3 Qc8 27. Qa3 Nc4) 25. Qxc2 h6 26. Ne1 Nac6 27. Nd3 g5 28. Nc1 Kg7 29. Ne2 f5 30. Ng3 Kg6 31. Qe2 Ng8 32. Qh5+ Kh7 33. Qf3 Nce7 34. h4 Nf6 35. Nh5 $36 {[%mdl 2048] Weiss drückt.} Neg8 $1 36. hxg5 hxg5 37. Qh3 {[#] Beabsichtigt Sxf6+ und Matt.} Kg6 38. Ng3 (38. Nxf6 $1 $11 Nxf6 39. Qg3) 38... Nh6 $17 ({Nicht} 38... f4 39. Qxd7 Nxd7 40. exf4 $16) 39. f3 (39. Ne2 $17 {war einen Versuch wert.}) 39... Qe7 $4 {[%mdl 8192] [#]} (39... f4 40. Qxd7 Nxd7 41. exf4 $16) (39... a6 $19 40. Nc3 b5) 40. Qxh6+ $1 {[%mdl 512] Precision: Weiß = 71%, Schwarz = 64%.} 1-0

[Event "ISR-chT 2018"]
[Site "Israel"]
[Date "2018.02.16"]
[Round "7"]
[White "Kogan, Arthur"]
[Black "Bitensky, Igor"]
[Result "1-0"]
[WhiteElo "2548"]
[BlackElo "2361"]
[Annotator "TA"]
[PlyCount "131"]
[EventDate "2018.??.??"]
[EventType "team-tourn"]
[EventCountry "ISR"]
[SourceTitle "playchess.com"]
[Source "ChessBase"]
[SourceQuality "1"]

{[%evp 17,131,27,37,27,33,25,39,20,21,21,24,22,33,32,36,12,18,0,61,61,68,43,92,45,41,44,45,34,89,35,96,0,-6,0,50,54,54,47,47,39,52,55,59,22,86,29,28,47,46,43,47,-20,0,0,52,40,91,70,97,102,105,109,251,236,234,250,244,241,222,222,220,149,276,271,225,144,162,96,141,57,57,57,57,57,93,32,315,300,452,449,451,447,444,414,326,216,201,0,543,391,532,404,822,820,805,800,790,788,5122,5122,29988,29989,29989,29990,29990,29991]} 1. e4 e5 2. Nf3 Nc6 3. Bc4 Nf6 4. d3 Be7 5. O-O O-O 6. a4 d6 {C55: Two Knights: 4 d3, 4 d4 exd4 5 e5 and Max Lange Attack} 7. a5 (7. h3 Be6 8. Re1 Qd7 9. Nc3 h6 10. Be3 a6 11. Bxe6 fxe6 12. d4 exd4 13. Nxd4 Nxd4 14. Qxd4 Nh5 15. e5 {0-1 (71) Miton,K (2584)-Wang,H (2709) Riadh 2017}) 7... a6 8. c3 h6 9. Nbd2 Nh7 {LiveBook: 6 Games} 10. b4 Ng5 11. Ne1 Be6 $146 ({Find the theoretical novelty and annotate with similar games:} 11... Bf6 12. Nc2 Ne7 13. Ne3 g6 14. h4 {1-0 (60) Kogan,A (2522)-Meszaros,M (2391) Novi Sad 2016}) 12. Qb3 Bf6 13. Nc2 Ne7 14. Ne3 Ng6 15. Bxe6 Nxe6 16. g3 Qd7 17. Qd1 c6 (17... Ne7 $11) 18. Ndc4 $14 Bd8 19. Qf3 Bc7 20. h4 Ne7 21. Nf5 Kh7 22. Be3 f6 (22... Rae8 $14) 23. Bb6 (23. Qg4 $16) 23... Nxf5 (23... Rad8 $14) 24. Qxf5+ (24. exf5 $16 Nd8 25. Bxc7 Qxc7 26. Nb6) 24... g6 $11 25. Qh3 {Strongly threatening Bxc7.} Rad8 26. h5 Ng7 27. hxg6+ Kxg6 28. Qh4 d5 29. Bxc7 Qxc7 30. Nb6 {And now exd5 would win.} dxe4 (30... f5 $1 $11) 31. Qxe4+ (31. Qg4+ $1 $16 Kh7 32. dxe4 (32. Qxe4+ f5 $11)) 31... f5 32. Qe3 Rde8 33. Rae1 e4 34. f4 (34. dxe4 $14 fxe4 35. Qe2) 34... exf3 35. Qxf3 Rxe1 (35... Ne6 $11) 36. Rxe1 $14 Nh5 ({Better is} 36... Re8 $14 37. Re3 Rxe3 38. Qxe3 Qf7) 37. Kg2 $36 {[%mdl 2048] White has good play.} Nf6 38. Nc4 Ng4 39. Re6+ Rf6 (39... Kh7 $16) 40. Nd6 $1 $18 Qxd6 41. Rxd6 Rxd6 {[%mdl 4096] Endgame KQ-KRN} 42. Qe2 $1 Kf7 43. Qa2+ Re6 44. d4 Kf6 (44... Ke7 $16 45. Qb2 Kf6) 45. c4 $1 Re4 46. Qd2 Kg6 47. Kh3 ({White should try} 47. d5 $18) 47... Ne3 48. Qd3 (48. d5 $1 $16 {[%cal Rd5d6]} Nxc4 49. Qf2) 48... Ng4 $1 $14 {[%cal Rg4f2]} 49. Kg2 $1 Re3 50. Qb1 Re2+ 51. Kg1 {b5 is the strong threat.} Ne3 $2 {[%mdl 8192]} (51... Re3 $1 $14) 52. b5 cxb5 (52... Rg2+ $142 53. Kh1 Rd2) 53. cxb5 $18 Rg2+ 54. Kh1 Rxg3 55. bxa6 bxa6 56. Qb6+ Kg5 {[#]} 57. Qxa6 $2 ({White must play} 57. d5 $1 $18 {[%cal Rd5d6] Threatens to win with d6.} Nxd5 58. Qxa6) 57... Ng4 $2 {[%mdl 8192]} (57... f4 $11 {and Black has nothing to worry.}) 58. Qb5 Nf2+ 59. Kh2 Kh4 {[#]} (59... Ra3 $142 60. Qb2 Ng4+ 61. Kg2 Ne3+ 62. Kg1 Ra4) 60. Qf1 $1 {[%cal Rf1f2]} Ng4+ 61. Kh1 Ra3 62. d5 f4 63. d6 f3 64. d7 {White mates.} Kg3 65. Qg1+ Kh3 66. d8=Q {Precision: White = 57%, Black = 32%.} 1-0

[Event "ISR-chT 2018"]
[Site "Israel"]
[Date "2018.02.16"]
[Round "7"]
[White "Boruchovsky, Avital"]
[Black "Gurbanov, Andrei"]
[Result "1-0"]
[WhiteElo "2546"]
[BlackElo "2345"]
[Annotator "TA"]
[PlyCount "57"]
[EventDate "2018.??.??"]
[EventType "team-tourn"]
[EventCountry "ISR"]
[SourceTitle "playchess.com"]
[Source "ChessBase"]
[SourceQuality "1"]

{[%evp 12,57,109,90,91,84,91,90,91,47,47,52,69,56,247,237,395,408,383,242,243,228,283,234,234,127,127,124,118,90,225,217,204,164,158,158,166,115,172,175,176,117,284,299,280,273,394,397]} 1. e4 e5 2. Nf3 Nc6 3. Bb5 Nd4 4. Nxd4 exd4 5. O-O Qh4 (5... Bc5 6. b4 Bb6 7. Na3 a6 8. Bd3 Ne7 9. Nc4 Ba7 10. Bb2 Nc6 11. Qh5 d6 12. a3 b5 13. Na5 Nxa5 14. bxa5 {0-1 (27) Smirin,I (2658)-Rapport,R (2693) Ashdod 2015}) 6. d3 {C61: Spanische Partie (Bird-Verteidigung)} Bc5 7. Nd2 {LiveBook: 3 Partien} c6 8. Nf3 $146 {Weiß steht besser.} ({Vorgänger:} 8. Bc4 Nf6 9. e5 d5 10. exf6 Bg4 11. Qe1+ Kd7 12. f3 Qh5 13. fxg4 Qxg4 14. fxg7 Qxg7 15. Ne4 Be7 16. Ng3 Rhg8 17. Qxe7+ {1-0 (17) Colovic,A (2408)-Thevenot,D (2089) Sautron 2004}) 8... Qh5 9. Bc4 Ne7 10. c3 ({Doch nicht} 10. Ng5 Qxd1 11. Rxd1 (11. Bxf7+ Kf8 $17) 11... O-O $11) 10... dxc3 11. bxc3 d5 12. exd5 Nxd5 $2 (12... b5 $14) 13. Re1+ $1 $18 Be6 $2 (13... Kf8 14. Re5 (14. Qe2 Bg4 $14) 14... Qg6) 14. Re5 Qg6 15. Bxd5 cxd5 16. d4 $1 Be7 17. Qa4+ Kf8 18. Ba3 (18. Bg5 $18 Bd6 19. Nh4) 18... Bxa3 $16 19. Qxa3+ Kg8 20. c4 {[%cal Bc3c4,Bc4d5][%mdl 32]} h6 (20... dxc4 $16 21. d5 Bg4) 21. cxd5 $18 Bg4 22. Nh4 Qf6 23. Qg3 $36 {[%mdl 2048] Läuft bei Weiss.} Bd7 24. Rae1 (24. h3 $1 $18) 24... Rc8 {[#]} (24... Kh7 $16 25. Qd3+ g6) 25. h3 $1 {Droht Te7 und aus.} Kh7 {[#]} 26. R1e4 (26. Qd3+ $1 $18 g6 27. Re7) 26... Rc1+ $2 (26... Qd6 $16 27. Qd3 Rhf8) 27. Kh2 {Droht stark Tf4.} g5 28. Nf3 Bf5 {[#]} (28... Rg8 $142 29. Re7 Bf5) 29. Rf4 $1 {[%mdl 512] Precision: Weiß = 69%, Schwarz = 43%.} 1-0